Progress in old world palaeoethnobotany : a retrospective view on the occasion of 20 years on the International Work Group for Palaeoethnobotany /

محفوظ في:

مؤلفون آخرون: Zeist, Willem van., Wasylikowa, Krystyna., Behre, Karl-Ernst., Entjes-Nieborg, G.

التنسيق: كتاب

اللغة: English

منشور في: Rotterdam : A. A. Balkema, 1991.

الموضوعات:

الوسوم: إضافة وسم

لا توجد وسوم, كن أول من يضع وسما على هذه التسجيلة!

رقم الطلب: CC79.5 .P5 P76 1991

LEADER 01007namaa2200265 4500
001 23449
003 OSt
005 20251029081202.0
008 130303s1991 ne ab b 000 0 eng d
020 |a 9061918812 
040 |c ARCE Library 
050 4 |a CC79.5 .P5 P76 1991 
245 0 0 |a Progress in old world palaeoethnobotany :  |b a retrospective view on the occasion of 20 years on the International Work Group for Palaeoethnobotany /  |c edited by Willem Van Zeist, Krystyna Wasylikowa, Karl-Ernst Behre, with the assistance of Geertje Entjes-Nieborg. 
264 1 |a Rotterdam :  |b A. A. Balkema,  |c 1991. 
300 |a ix, 350 pages :   |b ill., maps ;   |c 26 cm. 
504 |a Includes bibliographical references. 
650 0 |a Paleoethnobotany. 
650 0 |a Plant remains (Archaeology) 
700 1 |a Zeist, Willem van.  |9 42662 
700 1 |a Wasylikowa, Krystyna.   |9 41940 
700 1 |a Behre, Karl-Ernst. 
700 1 |a Entjes-Nieborg, G.,   |q (Gertie)  |9 29640 
901 |a reviewed 
942 |c BK  |2 lcc 
999 |c 23512  |d 23512